|
|
|
|
| LEADER |
00000nam a2200000 a 4500 |
| 001 |
vtls001397280 |
| 003 |
SK-MaSNL |
| 005 |
20260301011924.0 |
| 008 |
240318s1999 HU ac ra 0 hun |
| 020 |
|
|
|a 963859960X
|c [480,00]
|
| 035 |
|
|
|a SNK000351678
|
| 040 |
|
|
|a SNK
|b slo
|c SNK
|e AACR2
|
| 044 |
|
|
|a HU
|
| 080 |
|
|
|a 894.511-94"1939/1943" Ciano, G.
|2 1981
|
| 080 |
|
|
|a 894.511:92=945.11
|2 1981
|
| 080 |
|
|
|a 92=945.11
|2 1981
|
| 100 |
0 |
|
|a Ciano
|c gróf
|4 aut
|9 296097
|
| 245 |
1 |
0 |
|a Ciano gróf naplója 1939-1943
|c [fordította: Bányász György]
|
| 260 |
|
|
|a [S.l.]
|b Ármádiai Kiadó
|c 1999
|
| 300 |
|
|
|a 501 s.
|c 21 cm
|
| 500 |
|
|
|a Vl. meno autora: Gróf Galeazzo Ciano
|
| 600 |
0 |
|
|a Ciano
|c gróf
|x denníky
|2 SNK
|9 296098
|
| 919 |
|
|
|a 963-85996-0-X
|
| 999 |
|
|
|c 552206
|d 554136
|
| 952 |
|
|
|t P60, <04>, [BOOK], {604}
|a SNK
|b SNK
|y VYP
|7 0
|p 17A0253246
|o snkID 96747
|i snkV 1680/2000
|0 0
|1 0
|4 0
|d 2000-10-19
|l 0
|r 2005-01-02 00:00:00
|w 2026-02-23
|